<?xml version="1.0" encoding="UTF-8"?>
<record
    xmlns:xsi="http://www.w3.org/2001/XMLSchema-instance"
    xsi:schemaLocation="http://www.loc.gov/MARC21/slim http://www.loc.gov/standards/marcxml/schema/MARC21slim.xsd"
    xmlns="http://www.loc.gov/MARC21/slim">

  <leader>01437nab a2200241uuc4500</leader>
  <controlfield tag="001">1178786</controlfield>
  <controlfield tag="005">20240202093809.0</controlfield>
  <controlfield tag="008">091112s2009                        spa  </controlfield>
  <datafield tag="035" ind1=" " ind2=" ">
    <subfield code="a">1178786</subfield>
  </datafield>
  <datafield tag="035" ind1=" " ind2=" ">
    <subfield code="a">(OCoLC)820514817</subfield>
  </datafield>
  <datafield tag="040" ind1=" " ind2=" ">
    <subfield code="c">comduadb</subfield>
  </datafield>
  <datafield tag="041" ind1=" " ind2=" ">
    <subfield code="a">spa</subfield>
  </datafield>
  <datafield tag="100" ind1="1" ind2="0">
    <subfield code="a">Azuela de la Cueva, Antonio</subfield>
    <subfield code="4">aut</subfield>
    <subfield code="e">aut</subfield>
    <subfield code="9">379544</subfield>
  </datafield>
  <datafield tag="245" ind1="1" ind2="3">
    <subfield code="a">La expropiaci&#xF3;n de las transformaciones del estado</subfield>
  </datafield>
  <datafield tag="260" ind1=" " ind2=" ">
    <subfield code="c">2009.</subfield>
  </datafield>
  <datafield tag="520" ind1="3" ind2=" ">
    <subfield code="a">La expropiaci&#xF3;n moviliza de manera simult&#xE1;nea el poder estatal y la propiedad privada. Al estudiarla, podemos explorar algunas de las transformaciones de los estados contempor&#xE1;neos en el contexto de la globalizaci&#xF3;n. Una visi&#xF3;n panor&#xE1;mica de las tendencias mundiales en el r&#xE9;gimen de la expropiaci&#xF3;n deja ver que no se trata de un proceso  homog&#xE9;neo. Se proponen dos hip&#xF3;tesis: que el cambio m&#xE1;s relevante consiste en una sustituci&#xF3;n de la tensi&#xF3;n entre inter&#xE9;s p&#xFA;blico e inter&#xE9;s privado por la tensi&#xF3;n entre intereses locales e intereses globales, y que existe una relaci&#xF3;n entre los temas que est&#xE1;n en discusi&#xF3;n y los contextos de dicha discusi&#xF3;n.</subfield>
  </datafield>
  <datafield tag="650" ind1=" " ind2=" ">
    <subfield code="a">Expropiaci&#xF3;n</subfield>
    <subfield code="9">50571</subfield>
  </datafield>
  <datafield tag="650" ind1=" " ind2=" ">
    <subfield code="a">Propiedad privada</subfield>
    <subfield code="9">45138</subfield>
  </datafield>
  <datafield tag="700" ind1="1" ind2="0">
    <subfield code="a">Herrera, Carlos</subfield>
    <subfield code="4">aut</subfield>
    <subfield code="e">aut</subfield>
  </datafield>
  <datafield tag="700" ind1="1" ind2="0">
    <subfield code="a">Saavedra Herrera, Camilo</subfield>
    <subfield code="4">aut</subfield>
    <subfield code="e">aut</subfield>
    <subfield code="9">574210</subfield>
  </datafield>
  <datafield tag="773" ind1="0" ind2=" ">
    <subfield code="t">Revista Mexicana de Sociolog&#xED;a (M&#xE9;xico)</subfield>
    <subfield code="g">Vol. 71, No. 03, Jul.-Sep. 2009, p. 525-555</subfield>
    <subfield code="w">197398</subfield>
    <subfield code="x">0188-2503</subfield>
    <subfield code="0">86706</subfield>
  </datafield>
  <datafield tag="942" ind1=" " ind2=" ">
    <subfield code="c">ARIMP</subfield>
  </datafield>
  <datafield tag="999" ind1=" " ind2=" ">
    <subfield code="c">536175</subfield>
    <subfield code="d">536175</subfield>
  </datafield>
</record>
